| 000 | 00972nam a22003017a 4500 | ||
|---|---|---|---|
| 003 | CHAP | ||
| 005 | 20220329133852.0 | ||
| 008 | 971013s1984 r 00010 d | ||
| 010 | _a12033 | ||
| 011 | _a13005 | ||
| 035 | _a17076 | ||
| 040 | _cCHAP | ||
| 090 | _aFolleto 11352 | ||
| 100 | 0 | 0 |
_aBartsch, James A. _910655 |
| 245 | _aRefrigeration and controlled atmosphere storage for horticultural crops | ||
| 260 |
_aIthaca, N. Y. : _bNortheast Regional Agricultural Engineering Service, _c1984 |
||
| 300 |
_a42 p. _b: ilus. |
||
| 590 |
_aBATCH-UPD _b10 _c20130110 _lUCH01 _h1820 |
||
| 590 |
_aBATCH-UPD _b10 _c20130410 _lUCH01 _h1153 |
||
| 590 |
_aBATCH-UPD _b10 _c20130914 _lUCH01 _h1719 |
||
| 590 |
_aCONVERSION _b10 _c20130109 _lUCH01 _h1308 |
||
| 650 | 1 | 4 |
_aLegumbres _xAlmacenamiento. _965682 |
| 650 | 1 | 4 |
_aRefrigeración. _995611 |
| 700 | 0 |
_aBlanplied, G. David. _913121 |
|
| 901 | _aBK | ||
| 942 | _cFOLL | ||
| 949 |
_aFolleto 11352 _bBC _cFOLL _d-40597 _eTS1 _i17076 _si |
||
| 999 |
_c12033 _d12033 |
||